000 00322 a2200145 4500
001 166864
020 _a
040 _cMagnum
100 _aBeziers, Marie-Madeleine
240 1 0 _aO bebe e a coordenacao motora
_lpor
245 1 0 _aO bebe e a coordenacao motora
362 0 _a1899
697 _aPSICOLOGIA
942 _cBK
999 _c166864
_d166864